| 000 | nam a22 7a 4500 | ||
|---|---|---|---|
| 999 |
_c19173 _d19173 |
||
| 008 | 170114b xxu||||| |||| 00| 0 eng d | ||
| 020 | _a9780618990078 | ||
| 050 | _aQD 35 .K45 2008 | ||
| 100 |
_aKelter, Paul _d2008 |
||
| 245 |
_aChemistry: _bThe practical science/ _cPaul Kelter, Michael Mosher, Andrew Scott |
||
| 260 |
_aBoston: _bHoughton mifflin company _c2008. |
||
| 300 |
_axxxii,764p.: _bill.; _c27cm. |
||
| 521 | _aIncludes index. | ||
| 650 | _aChemistry. | ||
| 700 | _aMosher, Michael | ||
| 700 | _aScott, Andrew | ||
| 942 |
_2lcc _cBOOKS _hQD 35 .K45 2008 |
||